Zmeny vo výpočte exekučných zrážok od 1. 1. 2022

Zo mzdy zamestnanca môže zamestnávateľ zraziť len tie zrážky, ktoré zákon dovoľuje a na základe dokladov, ktoré zákon určuje. Pri zrážkach zo mzdy nemôže zamestnávateľ konať mimo zákonných pravidiel. Základné pravidlá tzv. tretinového systému. Zmeny základnej sumy od 1. 1. 2022 a ďalšie zmeny. Príkl...

Celý popis

Uložené v:
Podrobná bibliografia
Hlavný autor: Motyčková, Jana
Médium: Kapitola
Jazyk:Slovak
Predmet:
Tagy: Pridať tag
Žiadne tagy, Buďte prvý, kto otaguje tento záznam!

MARC

LEADER 00000naa a2200000 4500
001 0282519
005 20240417075157.6
041 0 |a slo 
044 |a SK 
245 1 0 |a Zmeny vo výpočte exekučných zrážok od 1. 1. 2022  |c Jana Motyčková 
520 |a Zo mzdy zamestnanca môže zamestnávateľ zraziť len tie zrážky, ktoré zákon dovoľuje a na základe dokladov, ktoré zákon určuje. Pri zrážkach zo mzdy nemôže zamestnávateľ konať mimo zákonných pravidiel. Základné pravidlá tzv. tretinového systému. Zmeny základnej sumy od 1. 1. 2022 a ďalšie zmeny. Príklady. 
610 2 0 |a zrážky zo mzdy 
610 2 0 |a exekúcia 
610 2 0 |a pravidlá účtovné 
610 2 0 |a systém 
610 2 0 |a zamestnávatelia 
610 2 0 |a zamestnanci 
610 2 0 |a právo 
610 2 0 |a legislatíva 
610 2 0 |a zákony 
100 1 |a Motyčková, Jana